| 000 | 00452cam a2200169ua 4500 | ||
|---|---|---|---|
| 020 | _c11.00 | ||
| 041 |
_aeng _h |
||
| 082 |
_a923.2 G _bTEN/MA |
||
| 100 | _aTendulkar, D.G . | ||
| 245 |
_aMahatma, Vol 8 / _cD.G.Tendulkar. _hTextual Documents |
||
| 260 |
_aIndia : _bThe Publication division, Ministry of information and broad casting , _c1961. |
||
| 300 | _a336 ; . | ||
| 365 | _a11.00 | ||
| 504 | _a | ||
| 942 | _cBK | ||
| 999 |
_c1176 _d1176 |
||